<?xml version="1.0" encoding="UTF-8"?>
<record
    xmlns:xsi="http://www.w3.org/2001/XMLSchema-instance"
    xsi:schemaLocation="http://www.loc.gov/MARC21/slim http://www.loc.gov/standards/marcxml/schema/MARC21slim.xsd"
    xmlns="http://www.loc.gov/MARC21/slim">

  <leader>00950aaa a2200193 a 4500</leader>
  <controlfield tag="003">BD-RjUL</controlfield>
  <controlfield tag="005">20230111125232.0</controlfield>
  <controlfield tag="008">230111s1954    le ||||| |||| 00| 0 ara d</controlfield>
  <datafield tag="035" ind1=" " ind2=" ">
    <subfield code="a">(BD-RjUL)</subfield>
  </datafield>
  <datafield tag="040" ind1=" " ind2=" ">
    <subfield code="a">BD-RjUL</subfield>
    <subfield code="b">eng</subfield>
    <subfield code="c">BD-RjUL</subfield>
  </datafield>
  <datafield tag="041" ind1=" " ind2=" ">
    <subfield code="a">ara</subfield>
  </datafield>
  <datafield tag="082" ind1=" " ind2=" ">
    <subfield code="2">23</subfield>
  </datafield>
  <datafield tag="100" ind1=" " ind2=" ">
    <subfield code="a">Abu Shakra, Hussein Ghadban, &#x623;&#x628;&#x648; &#x634;&#x642;&#x631;&#x627;&#x60C; &#x62D;&#x633;&#x64A;&#x646; &#x63A;&#x636;&#x628;&#x627;&#x646;</subfield>
    <subfield code="9">6525</subfield>
  </datafield>
  <datafield tag="245" ind1="1" ind2="4">
    <subfield code="a">&#x627;&#x644;&#x62D;&#x631;&#x643;&#x627;&#x62A; &#x641;&#x64A; &#x644;&#x628;&#x646;&#x627;&#x646; &#x625;&#x644;&#x649; &#x639;&#x647;&#x62F; &#x627;&#x644;&#x645;&#x62A;&#x635;&#x631;&#x641;&#x64A;&#x629; : &#x648;&#x647;&#x64A; &#x634;&#x647;&#x627;&#x62F;&#x629; &#x62F;&#x631;&#x632;&#x64A;&#x629; &#x635;&#x631;&#x64A;&#x62D;&#x629;    alharakat fi lubnan 'iilaa eahd almutasarifiat : wahi shahadat durziat sariha . / </subfield>
    <subfield code="c">Hussein Ghadban Abu Shaqra, Youssef Khattar Abu Shaqra, Aref Abu Shaqra   &#x62D;&#x633;&#x64A;&#x646; &#x63A;&#x636;&#x628;&#x627;&#x646; &#x627;&#x628;&#x648; &#x634;&#x642;&#x631;&#x627;, &#x60C; &#x64A;&#x648;&#x633;&#x641; &#x62E;&#x637;&#x627;&#x631; &#x627;&#x628;&#x648; &#x634;&#x642;&#x631;&#x627; &#x639;&#x627;&#x631;&#x641; &#x623;&#x628;&#x648; &#x634;&#x642;&#x631;&#x627;  </subfield>
  </datafield>
  <datafield tag="260" ind1=" " ind2=" ">
    <subfield code="a">Lebanon : </subfield>
    <subfield code="b">N/A</subfield>
    <subfield code="c">1223</subfield>
  </datafield>
  <datafield tag="700" ind1=" " ind2=" ">
    <subfield code="a">Abu Shakra, Youssef Khattar, &#x623;&#x628;&#x648; &#x634;&#x642;&#x631;&#x627;&#x60C; &#x64A;&#x648;&#x633;&#x641; &#x62E;&#x637;&#x627;&#x631;</subfield>
    <subfield code="9">6526</subfield>
  </datafield>
  <datafield tag="700" ind1=" " ind2=" ">
    <subfield code="a"> Abu Shakra, Aref &#x623;&#x628;&#x648; &#x634;&#x642;&#x631;&#x627;&#x60C; &#x639;&#x627;&#x631;&#x641; </subfield>
    <subfield code="9">6527</subfield>
  </datafield>
  <datafield tag="942" ind1=" " ind2=" ">
    <subfield code="2">ddc</subfield>
    <subfield code="c">BK</subfield>
  </datafield>
  <datafield tag="999" ind1=" " ind2=" ">
    <subfield code="c">81049</subfield>
    <subfield code="d">81049</subfield>
  </datafield>
  <datafield tag="952" ind1=" " ind2=" ">
    <subfield code="0">0</subfield>
    <subfield code="1">0</subfield>
    <subfield code="2">ddc</subfield>
    <subfield code="4">0</subfield>
    <subfield code="7">1</subfield>
    <subfield code="8">NFIC</subfield>
    <subfield code="a">RUCL</subfield>
    <subfield code="b">RUCL</subfield>
    <subfield code="c">Reading</subfield>
    <subfield code="d">2023-01-11</subfield>
    <subfield code="l">0</subfield>
    <subfield code="o">A 956.92 ABH 1954</subfield>
    <subfield code="r">2023-01-11 00:00:00</subfield>
    <subfield code="t">C-1</subfield>
    <subfield code="w">2023-01-11</subfield>
    <subfield code="y">BK</subfield>
  </datafield>
</record>
